LEADER 01135nam--2200385---450- 001 990000969250203316 005 20050720091006.0 010 $a0-521-47499-X 035 $a0096925 035 $aUSA010096925 035 $a(ALEPH)000096925USA01 035 $a0096925 100 $a20020219d1995----km-y0itay0103----ba 101 $aeng 102 $aGB 105 $a||||||||001yy 200 1 $aBarth's ethics of reconciliation$fJohn Webster 210 $aCambridge$cCambridge university press$d1995 215 $aIX, 238 p$d23 cm 410 $12001 606 0 $aBarth, Karl$xKirchliche Dogmatik 676 $a230.044 700 1$aWEBSTER,$bJohn$065181 801 0$aIT$bsalbc$gISBD 912 $a990000969250203316 951 $aII.2. 3520(II i C 1460)$b133986 LM$cII i C 951 $aII.2. 3520a(II i C 1460 BIS)$b139508 LM$cII i C 959 $aBK 969 $aUMA 979 $aPATTY$b90$c20020219$lUSA01$h1353 979 $c20020403$lUSA01$h1739 979 $aPATRY$b90$c20040406$lUSA01$h1707 979 $aCOPAT5$b90$c20050720$lUSA01$h0910 996 $aBarth's ethics of reconciliation$9972991 997 $aUNISA LEADER 00887nam0-22003011i-450 001 990005705050403321 005 20250328171410.0 035 $a000570505 035 $aFED01000570505 035 $a(Aleph)000570505FED01 035 $a000570505 100 $a19990604d1965----km-y0itay50------ba 101 0 $aita 105 $ay---e---001yy 200 1 $aDizionario di toponomastica piemontese$fDante Olivieri 210 $aBrescia$cPaideia$d1965 215 $a379 p.$d25 cm 610 0 $aToponimi$aPiemonte$aDizionari 676 $a914.51 700 1$aOlivieri,$bDante$f<1877-1964>$0164808 801 0$aIT$bUNINA$gRICA$2UNIMARC 901 $aBK 912 $a990005705050403321 952 $a914.15 OLID 01$bIST.GLOTT. S.I.$fFLFBC 952 $a914.15 OLI 1 BIS$bIST.GLOTT. S.I.$fFLFBC 959 $aFLFBC 996 $aDizionario di toponomastica piemontese$9267080 997 $aUNINA